Normal view
MARC view
- Naseer u Din Syed
Entry Personal Name
001 - CONTROL NUMBER
- control field: 109341
003 - CONTROL NUMBER IDENTIFIER
- control field: NUST
005 - DATE AND TIME OF LATEST TRANSACTION
- control field: 20230221131948.0
008 - FIXED-LENGTH DATA ELEMENTS
- fixed length control field: 230221|| aca||aabn | a|a d
040 ## - CATALOGING SOURCE
- Original cataloging agency: NUST
- Transcribing agency: NUST
100 ## - HEADING--PERSONAL NAME
- Personal name: Naseer u Din Syed
670 ## - SOURCE DATA FOUND
- Source citation: Work cat.: (NUST)187639: Naseer u Din Syed, Al Baqiyat -al- Salihat / الباقیات الصالحات Urdu) /, 1982
